000 00500nam a2200169Ia 4500
008 090201s9999 xx 000 0 und d
010 _aKPL-43798
040 _bमराठी
041 _aमराठी
082 _a28265
_b43798
100 _aसुरेश वैद्य
245 _aकधीकधी
_cसुरेश वैद्य
260 _c2004
_bऔदुंबर प्रकाशन
300 _a204
_bमोठा
600 _aकधीकधी
942 _cBOOK
999 _c226994
_d226994